00398nam a2200157Ia 4500003000400000005001700004008004100021020001800062040000900080082002000089100002600109245004800135260003500183300000900218650001300227OSt20201203113758.0190216s9999||||xx |||||||||||||| ||und|| a9798184230016 coclc a894.8124bENG/E aEngandiyoor, Ashokan  0aEzhuthinte Patheyam /cAshokan Engandiyoor  bGreen Books,aThrissur:c2006. a104p aLekhanam